LEADER 01412nam0 22003373i 450 001 CFI0206246 005 20231121125447.0 010 $a8835500109 100 $a20040913d1989 ||||0itac50 ba 101 | $aita 102 $ait 181 1$6z01$ai $bxxxe 182 1$6z01$an 200 1 $aCristianesimo, tolleranza, omosessualità$ela Chiesa e gli omosessuali dalle origini al 14. secolo$fJohn Boswell$gtraduzione di Egle Lauzi 210 $aMilano$cLeonardo$d1989 215 $a509 p.$d24 cm. 500 10$aChristianity, social tolerance and homosexuality. -$3CFI0206247$9CFIV023777$91262685 606 $aOmosessualita$xEuropa$xStoria$2FIR$3RMLC251283$9I 676 $a306.766092$9$v21 700 1$aBoswell$b, John$3CFIV023777$4070$0427356 702 1$aLauzi$b, Egle$3MILV115703$4730 801 3$aIT$bIT-01$c20040913 850 $aIT-RM0289 $aIT-RM0418 $aIT-FR0017 899 $aBiblioteca Statale A. Baldini$bRM0289 899 $aBIBLIOTECA ACCADEMIA NAZ. DEI LINCEI E CORSINIANA$bRM0418 899 $aBiblioteca umanistica Giorgio Aprea$bFR0017 $eN 912 $aCFI0206246 950 0$aBiblioteca umanistica Giorgio Aprea$d 52MAG 5/298$e 52FLS0000002975 VMN RS $fA $h20181123$i20181123 977 $a 04$a 10$a 52 996 $aChristianity, social tolerance and homosexuality$91262685 997 $aUNICAS